Vista normal
Vista MARC
Entrada Corporate Name
Número de registros utilizados en: 1
001 - CONTROL NUMBER
- control field: 38708
003 - CONTROL NUMBER IDENTIFIER
- control field: OSt
005 - DATE AND TIME OF LATEST TRANSACTION
- control field: 20210726123219.0
008 - FIXED-LENGTH DATA ELEMENTS
- fixed length control field: 210726|| aca||aabn | a|a d
040 ## - CATALOGING SOURCE
- Original cataloging agency: OSt
- Transcribing agency: OSt
110 ## - HEADING--CORPORATE NAME
- Corporate name or jurisdiction name as entry element: Corredores Asociados S.A.
- Subordinate unit: autor
670 ## - SOURCE DATA FOUND
- Source citation: Work cat.: (OSt)8142: 15220, Foreign portfolio investment in Colombia / , 1992